000 00889cam a22002771 4500
001 gs 57000157
003 DLC
005 20260227111405.0
008 770817s1956 caua s000 0 eng c
010 _ags 57000157
035 _a(OCoLC)3195324
040 _aU. S. Geol. Survey. Library
_cTxEU
_dDLC
043 _an-us-ca
050 0 0 _aTN24.C2
_bA3 no. 173
051 _aQE375
_b.M8
082 _a549
100 1 _aMurdoch, Joseph,
_d1890-
245 1 0 _aMinerals of California,
_cby Joseph Murdoch and Robert W. Webb.
260 _aSan Francisco,
_c1956.
300 _a452 p.
_bcol. plates, map, tables,
_c24 cm.
410 1 0 _aCalifornia.
_bDivision of Mines and Geology.
_tBulletin
_v173
504 _aBibliography: p. 362-452.
650 0 _aMineralogy
_zCalifornia.
650 0 _aMines and mineral resources
_zCalifornia.
700 1 _aWebb, Robert Wallace,
_d1909-
_ejoint author.
999 _c29147
_d29147